Úlomky

Bibliographic Details
Main Authors: Wineová, Maria (Author), Wine, Maria, 1912-2003 (Author)
Other Authors: Richter, Milan, 1948- (Translator)
Format: Article
Language:Slovak
Subjects:

MARC

LEADER 00000nab a2200000 a 4500
001 vtls000438057
003 SK-MaSNL
005 20260304010814.0
008 140422c1991 xo 0 slo
015 |a SNBRB19rr/mm-uuuuu 
035 |a CL0438185 
040 |a SNKBUCL  |b slo  |c SNKBUCL  |e AACR2 
041 0 |a slo 
044 |a xo  |c SK 
080 |a 839.7-84  |2 1981 
100 1 |a Wineová, Maria  |4 aut  |9 954958 
245 1 0 |a Úlomky  |c Maria Wineová ; Maria Wine, Milan Richter 
500 |a V rubrike Literárium. 
650 0 7 |a sentencie  |2 snkbucl  |9 291520 
655 7 |a články z novín a časopisov  |2 snkbucl  |9 267496 
655 7 |a články z odboru literárna veda a krásna literatúra  |2 snkbucl  |9 770045 
700 1 |a Richter, Milan,  |d 1948-  |4 trl  |9 92608 
700 1 |a Wine, Maria,  |d 1912-2003  |4 aut  |9 13431 
773 0 |t Literárny týždenník  |g Roč. 4, č. 43 (1991), s. 16 
850 |a Slovenská národná knižnica v Martine  |a MTA001 
852 |a SNK  |b KIS3GCP 
958 |a RK 
958 |a LX 
999 |c 2563039  |d 2564969